The world held hostage : the war waged by international terrorism

Bibliographic Details
Main Author: McForan, Desmond (Author)
Format: Book
Published: Singapore : Heinemann Asia , 1986
Subjects:

MARC

LEADER 00000cam a2200000 7i4500
001 0000007207
005 20090629093000.0
008 021119s1986
020 |a 9971641364 
090 0 0 |a JX6731.T4   |b M4 
100 1 |a McForan, Desmond ,   |e author 
245 1 4 |a The world held hostage :   |b the war waged by international terrorism   |c Desmond McForan 
260 2 |a Singapore :   |b Heinemann Asia ,   |c 1986 
300 |a 262 p. ;   |c 21 cm. 
504 |a Includes bibliographical references (p. 247-256) and index 
610 2 0 |a Fedayeen 
650 0 |a Arab-Israeli conflict 
650 0 |a Terrorism 
650 0 |a Terrorism   |z Arab countries 
999 |a 1000022081   |b Book   |c OPEN SHELF (30 DAYS)   |e Gong Badak Campus